• 首页
  • 本馆介绍
  • 公告通知
  • 最新文献
  • 馆藏检索
  • 电子资源
  • 读者导购
  • 参考咨询
  • 我的图书馆
  • 登录
  • 详细信息显示
  • 放入我的书架
  • 预约/预借图书
  • 作者相关作品
  • 分类相关作品
  • 丛书相关作品
  • 出版社相关作品

书目信息

  • 表格格式
  • 工作单格式
  • 卡片格式
题名:
比较教育
    
 
作者: 王承绪 主编
分册:  
出版信息: 北京   人民教育出版社  1983
页数: 255页
开本: 20cm
丛书名:
单 册:
中图分类: G40 , G40-03
科图分类:
主题词: 比较教育学
电子资源:
ISBN:
000 00602nam0 2200229 45
001 0183008635
005 20070728105153.89
010    @dCNY0.76
091    @a7012.0644
100    @a19960215d1983 em y0chiy0121 ea
101 0  @achi
102    @aCN@b110000
105    @ay z 000yy
200 10 @a比较教育@Abi jiao jiao yu@f王承绪等主编
210    @a北京@c人民教育出版社@d1983
215    @a255页@d20cm
606    @a比较教育学
690    @aG40
690    @aG40-03@v3
701  0 @a王承绪@Awang cheng xu@4主编
801  0 @aCN@bNLC@c20070728
905    @f3@b228375-377@f4@b228379-382@f1@b111755@dG40@e61
    
    比较教育/王承绪等主编.-北京:人民教育出版社,1983
    255页;20cm
    
    
    ISBN :CNY0.76
    
●
相关链接 在E读中查询图书 在五车中查询图书 在当当中查询图书 在豆瓣中查询图书


正题名:比较教育     索取号:G40/61         预约/预借

序号 登录号 条形码 馆藏地/架位号 状态 备注
1 0111755   001651215   密集书库/ [索取号:G40/61] 在馆    
2 0111756   002066070   第一样本阅览室/ [索取号:G40/61] 在馆    
3 0228375   000269373   第四借阅区/ [索取号:G40/61] 在馆    
4 0228376   000269435   密集书库/ [索取号:G40/61] 在馆    
5 0228377   000269382   密集书库/ [索取号:G40/61] 在馆    
6 0228379   000286997   密集书库/ [索取号:G40/61] 在馆    
7 0228380   000287004   密集书库/ [索取号:G40/61] 在馆    
8 0228381   000286942   密集书库/ [索取号:G40/61] 在馆    
9 0228382   000286933   密集书库/ [索取号:G40/61] 在馆    
10 0786527   207865274   密集书库/ [索取号:G40/61] 在馆    
唐山师范学院图书馆 欢迎您!
大连网信软件有限公司© 版权所有